Movies Quiz

Random Movies or Food Quiz

Bubba Gump Shrimp Quiz Stats

 Plays Quiz Updated Oct 24, 2018

Score 0/21 Timer 03:00
2 Plays Today
Type % Correct
Boiled Shrimp
56.5%
Shrimp Gumbo
48.3%
Baked Shrimp
40.8%
Broiled Shrimp
35.7%
Shrimp Stew
35.4%
Shrimp Salad
35.3%
Shrimp Soup
35%
Barbecue Shrimp
33.7%
Sauteed Shrimp
31.6%
Shrimp Sandwich
30%
Deep Fried Shrimp
27%
Type % Correct
Shrimp-kabobs
24.9%
Coconut Shrimp
22.1%
Shrimp and Potatoes
18.2%
Shrimp Burger
16.5%
Stir-Fried Shrimp
14.9%
Lemon Shrimp
14.8%
Shrimp Creole
12.6%
Pan Fried Shrimp
12.2%
Pineapple Shrimp
10.5%
Pepper Shrimp
8.2%

You're not logged in!

Compare scores with friends on all Sporcle quizzes.
OR
Log In

Sporcle TV

Today on Sporcle TV


Watch our educational content, quiz creation guides, and fun videos on Sporcle TV.

Show Comments

Extras

Top Quizzes Today


Score Distribution

Your Account Isn't Verified!

In order to create a playlist on Sporcle, you need to verify the email address you used during registration. Go to your Sporcle Settings to finish the process.

Report this User

Report this user for behavior that violates our Community Guidelines.

Details: